000 00809nam a2200229 a 4500
001 48820
003 BD-RjUL
005 20211209054606.0
008 160816s1979 bg 000 p ben d
020 _c : Tk. 10.00
035 _a(BD-RjUL)48939
040 _aBD-RjUL
_cBD-RjUL
_dBD-RjUL
_bben
041 _aben
082 0 4 _223
_a891.441
_bROO 1979
100 1 0 _aরশীদ, ফকীর আবদুর
_9147181
245 1 0 _aঅনিকেত অনুভূতি /
_cফকীর আবদুর রশীদ
260 _aফরিদপুর, ঢাকা :
_bফিরোজা সুলতানা রশীদ,
_c১৯৭৯
300 _a৪৯ পৃ. ;
_c২১ সেমি.
650 0 _aবাংলা কবিতা
_99451
650 0 _aBengali poetry
_9117526
942 _2ddc
_cBK
999 _c48820
_d48820